| 000 | 00942cam a22003017a 4500 | ||
|---|---|---|---|
| 003 | CHAP | ||
| 005 | 20220329135621.0 | ||
| 008 | 971013s1981 r 00010 d | ||
| 010 | _a39368 | ||
| 011 | _a40340 | ||
| 035 | _a44465 | ||
| 040 | _cCHAP | ||
| 090 | _aFolleto 7327 | ||
| 100 | 0 | 0 |
_aEstrada Hurtarte, Ronald. _938397 |
| 245 | 1 | 3 | _aEl algodón en su etapa de desastre |
| 260 |
_aGuatemala : _bEl autor, _c1981 |
||
| 300 |
_a17 h. _b; gráfs. |
||
| 590 |
_aBATCH-UPD _b10 _c20130110 _lUCH01 _h2118 |
||
| 590 |
_aBATCH-UPD _b10 _c20130410 _lUCH01 _h1428 |
||
| 590 |
_aBATCH-UPD _b10 _c20130914 _lUCH01 _h0059 |
||
| 590 |
_aCONVERSION _b10 _c20130109 _lUCH01 _h1322 |
||
| 650 | 1 | 4 |
_aAlgodon _xAspectos economicos _xGuatemala. _93973 |
| 650 | 1 | 4 |
_aAlgodón _xGuatemala. _94019 |
| 901 | _aBK | ||
| 942 | _cFOLL | ||
| 949 |
_aFolleto 7327 _bBC _cFOLL _d-101833 _eTS1 _i44465 _mD _si |
||
| 949 |
_aFolleto 7327 _bBC _cFOLL _d-101834 _eTS2 _fc.2 _i44465 _si |
||
| 999 |
_c39368 _d39368 |
||